000
00284nam a2200109Ia 4500
008
190912s9999||||xx |||||||||||||| ||und||
100
_a
Dr. M. Ahmed
245
0
_a
Islamic Political System In The Modern Age Theory
260
_a
Karachi
_b
Education
_c
1991
300
_a
360
942
_c
BK
999
_c
7670
_d
7670